Statistiques concernant Prénoms de 25 hommes célébres

Cliquez ici pour prendre le quiz!

Statistiques générales

  • Ce quiz a été pris 6 670 fois
  • Le résultat moyen est 14 sur 25

Statistiques - réponses

NOMPrénom% Correct
De VinciLeonard
98%
EinsteinAlbert
96%
De GaulleCharles
96%
DarwinCharles
96%
ShakespearWilliam
90%
WashingtonGeorge
88%
PasteurLouis
87%
ChurchillWinston
77%
Armstrong (astronaute)Neil
75%
FranklinBenjamin
72%
EdisonThomas
72%
CopernicNicolas
68%
FlamelNicolas
68%
NewtonIsaac
61%
HawkingStephen
52%
WattJames
35%
BaconFrancis
24%
PapinDenis
22%
VesaleAndre
17%
GalileoGalilei
17%
BohrNiels
16%
BoyleRobert
13%
BordetJules
10%
GalienClaude
8%
AmpereAndre Marie
6%

Distribution des résultats

Percentile par nombre de réponses

% des personnes avec chaque résultat

Votre développement - résultats

Vous n’avez pas pris ce quiz